Comunidad de Gananciales Cuestiones prc̀ticas y actuales /

Bibliographic Details
Main Author: Fernǹdez Gonzl̀ez, M® Begoą
Other Authors: OþCallaghan Muǫz, Xavier
Format: eBook
Language:Spanish
Published: Madrid: Editorial Universitaria Ramn̤ Areces, 2017
Subjects:
Online Access:Acceso restringido

MARC

LEADER 00000nam a22000007a 4500
005 20170710000812.0
007 cr|||| ||||
008 170710s2017 es |||||s|||| 00||0 spa d
020 |a 978-84-9961-175-4 
035 |a 20410 
040 |a vLex 
090 |c 6814  |d 6814 
100 1 |a Fernǹdez Gonzl̀ez, M® Begoą 
245 1 0 |a Comunidad de Gananciales  |h [Recurso electrn̤ico] :  |b Cuestiones prc̀ticas y actuales /  |c M® Begoą Fernǹdez Gonzl̀ez, Xavier OþCallaghan Muǫz 
256 |a Servicio en ln̕ea 
260 |a Madrid:  |b Editorial Universitaria Ramn̤ Areces,  |c 2017 
300 |a 1 recurso electrn̤ico 
506 1 |a Disponible solo en los productos indicados  |d vLex Global  |d vLex Global (Academic Edition, excluding Law Schools)  |d vLex Global (U.S. Academic Edition, Law Schools)  |d vLex Global (U.S. Academic Edition, excluding Law Schools)  |d vLex Global (Academic Edition, Law Schools) 
650 0 4 |a Familia y Sucesiones  |z Espaą 
700 1 |a OþCallaghan Muǫz, Xavier 
740 0 |a vLex Libros (Servicio en ln̕ea) 
856 4 0 |u http://vlex.com/source/comunidad-gananciales-20410  |z Acceso restringido 
942 |c BOOK 
999 0 |a Family and Inheritance